<?xml version="1.0" encoding="UTF-8"?><?xml-stylesheet type="text/xsl" href="static/style.xsl"?><OAI-PMH xmlns="http://www.openarchives.org/OAI/2.0/" xmlns:xsi="http://www.w3.org/2001/XMLSchema-instance" xsi:schemaLocation="http://www.openarchives.org/OAI/2.0/ http://www.openarchives.org/OAI/2.0/OAI-PMH.xsd"><responseDate>2026-06-03T02:09:22Z</responseDate><request verb="GetRecord" identifier="oai:riuma.uma.es:10630/30661" metadataPrefix="marc">https://riuma.uma.es/rest/oai/request</request><GetRecord><record><header><identifier>oai:riuma.uma.es:10630/30661</identifier><datestamp>2026-02-03T10:53:15Z</datestamp><setSpec>com_10630_2254</setSpec><setSpec>col_10630_37953</setSpec></header><metadata><record xmlns="http://www.loc.gov/MARC21/slim" xmlns:dcterms="http://purl.org/dc/terms/" xmlns:doc="http://www.lyncode.com/xoai" xmlns:xsi="http://www.w3.org/2001/XMLSchema-instance" xsi:schemaLocation="http://www.loc.gov/MARC21/slim http://www.loc.gov/standards/marcxml/schema/MARC21slim.xsd">
   <leader>00925njm 22002777a 4500</leader>
   <datafield ind2=" " ind1=" " tag="042">
      <subfield code="a">dc</subfield>
   </datafield>
   <datafield ind2=" " ind1=" " tag="720">
      <subfield code="a">García-Cheikh-Lahlou, Enrique Alastor</subfield>
      <subfield code="e">author</subfield>
   </datafield>
   <datafield ind2=" " ind1=" " tag="720">
      <subfield code="a">Ruiz-Palmero, Julio</subfield>
      <subfield code="e">author</subfield>
   </datafield>
   <datafield ind2=" " ind1=" " tag="720">
      <subfield code="a">Guillén-Gámez, Francisco David</subfield>
      <subfield code="e">author</subfield>
   </datafield>
   <datafield ind2=" " ind1=" " tag="260">
      <subfield code="c">2024-01-03</subfield>
   </datafield>
   <datafield ind2=" " ind1=" " tag="520">
      <subfield code="a">La competencia digital es un elemento esencial para la formación inicial de docentes, ya que les permite integrar las tecnologías digitales en su práctica. Los objetivos planteados fueron: (1) conocer el nivel auto percibido de futuros maestros de Educación Primaria e Infantil respecto a sus competencias digitales; (2) comparar si existen diferencias significativas en competencias digitales entre los futuros docentes de ambas etapas educativas; (3) identificar si existen diferencias significativas en competencias entre los diferentes cursos académicos del grado educativo, para cada grado educativo. Planteamos un estudio no experimental de tipo ex post facto y muestra de 897 estudiantes de Infantil y Primaria. Los resultados mostraron que tienen un nivel auto percibido medio-alto de competencia digital en ambos grados educativos, encontrando diferencias significativas entre los futuros docentes de Educación Infantil y Primaria, siendo estos últimos los que obtuvieron puntuaciones más altas. En Educación Infantil se encontraron diferencias significativas entre los de primero y cuarto curso, mientras que en Educación Primaria se encontraron diferencias entre todos los cursos académicos, excepto entre tercero y cuarto. Estos resultados sugieren que la formación inicial debe centrarse en desarrollar las competencias digitales de los futuros maestros, con especial atención en los primeros cursos académicos.</subfield>
   </datafield>
   <datafield ind1="8" ind2=" " tag="024">
      <subfield code="a">Alastor, E., Guilén-Gámez, F. D., y Ruiz-Palmero, J. (2024). Competencia digital del futuro docente de Educación Infantil y Primaria: un estudio por comparaciones múltiples. Revista Latinoamericana de Tecnología Educativa-RELATEC, 23(1), 9-24. https://doi.org/10.17398/1695-288X.23.1.9</subfield>
   </datafield>
   <datafield ind1="8" ind2=" " tag="024">
      <subfield code="a">https://hdl.handle.net/10630/30661</subfield>
   </datafield>
   <datafield ind1="8" ind2=" " tag="024">
      <subfield code="a">10.17398/1695-288X.23.1.9</subfield>
   </datafield>
   <datafield tag="653" ind2=" " ind1=" ">
      <subfield code="a">Profesores - Formación profesional</subfield>
   </datafield>
   <datafield tag="653" ind2=" " ind1=" ">
      <subfield code="a">Enseñanza - Innovaciones tecnológicas</subfield>
   </datafield>
   <datafield tag="653" ind2=" " ind1=" ">
      <subfield code="a">Investigación activa en educación</subfield>
   </datafield>
   <datafield ind2="0" ind1="0" tag="245">
      <subfield code="a">Competencia digital del futuro docente de Educación Infantil y Primaria: un estudio por comparaciones múltiples.</subfield>
   </datafield>
</record>
</metadata></record></GetRecord></OAI-PMH>